000 00581nam a2200121Ia 4500
008 220615s9999||||xx |||||||||||||| ||und||
100 _aIvan Haigh (Ed.)||Thomas Wahl (Ed.)||Jan Even Øie Nilsen (Ed.)||Sally Brown (Ed.)
245 0 _aCoastal Sea Levels, Impacts and Adaptation
546 _aEnglish[eng]
650 _awaves||risk management||coastal vulnerability and impacts||governance and socio-economic change||mean sea level rise and variability||storm surges||adaptation||extreme value analysis||tides
856 _uhttp://www.mdpi.com/books/pdfview/book/582
942 _cEB
999 _c11221
_d11221